| 000 | 00727cab a2200241 4500 | ||
|---|---|---|---|
| 001 | WB3431-17 | ||
| 008 | 090401t1998 xxu||||| |||| 00| 0 eng d | ||
| 035 | _a(Sirsi) u87972 | ||
| 041 | _aeng | ||
| 245 | _aManufacturing slowdown | ||
| 260 | _c1998 | ||
| 350 | _a0 | ||
| 490 |
_aFinancial Times _v12 August 1998, 3 |
||
| 490 |
_aDaily Telegraph _v12 August 1998, 28(2) |
||
| 520 | _aManufacturing industry is experiencing a slowdown right across the UK, not seen since the recession of the early 1990s. Map showing regional outlook. | ||
| 650 | _aJOBS | ||
| 650 | _aMANUFACTURING INDUSTRY | ||
| 650 | _aORDER LEVELS | ||
| 650 | _aRECESSION | ||
| 690 | _aECONOMIC AND SOCIAL | ||
| 942 | _n0 | ||
| 948 | _c12/08/1998 | ||
| 999 |
_c55530 _d55530 |
||